| 000 | 00547nam a22001817a 4500 | ||
|---|---|---|---|
| 999 |
_c190246 _d190246 |
||
| 005 | 20220721111435.0 | ||
| 010 | _aENG-133766 | ||
| 020 |
_a9789386473011 _c195.00 |
||
| 035 | _aEN-116497 | ||
| 037 | _bDBAD/PUB | ||
| 082 | _a617.3 | ||
| 100 | _aSharma, Sushil | ||
| 245 |
_aBones & Breaks: _bTotal Orthopaedic Solution/ _cSushil Sharma |
||
| 260 |
_aNew Delhi _bVitasta Publishing Pvt.Ltd. _c2017 |
||
| 270 |
_a2/15, Ansari Road, Dariyaganj _bNew Delhi _e110002 |
||
| 300 |
_a113p. _c18cm(pbk) |
||
| 942 |
_2ddc _cEN _h617.3 _mSHA |
||